Sinh khối lượng Neutrino trong các mô hình bất đối xứng trái phải : Luận văn Thạc sĩ Vật lý. Chuyên ngành Vật lý lý thuyết và Vật lý toán
Trình bày mô hình chuẩn và khối lượng neutrino, mô hình bất đối xứng trái phải 3-M-N-1, sinh khối lượng neutrino.
Đã lưu trong:
| 主要作者: | |
|---|---|
| 格式: | 圖書 |
| 語言: | Undetermined |
| 出版: |
Cần Thơ
Trường Đại học Cần Thơ
2017
|
| 主題: | |
| 標簽: |
添加標簽
沒有標簽, 成為第一個標記此記錄!
|
| Thư viện lưu trữ: | Trung tâm Học liệu Trường Đại học Cần Thơ |
|---|
| LEADER | 01012nam a2200205Ia 4500 | ||
|---|---|---|---|
| 001 | CTU_224751 | ||
| 008 | 210402s9999 xx 000 0 und d | ||
| 082 | |a 539.72 | ||
| 082 | |b Ph561 | ||
| 100 | |a Trần, Kim Phượng | ||
| 245 | 0 | |a Sinh khối lượng Neutrino trong các mô hình bất đối xứng trái phải : | |
| 245 | 0 | |b Luận văn Thạc sĩ Vật lý. Chuyên ngành Vật lý lý thuyết và Vật lý toán | |
| 245 | 0 | |c Trần Kim Phượng ; Phùng Văn Đồng (Người hướng dẫn) | |
| 260 | |a Cần Thơ | ||
| 260 | |b Trường Đại học Cần Thơ | ||
| 260 | |c 2017 | ||
| 520 | |a Trình bày mô hình chuẩn và khối lượng neutrino, mô hình bất đối xứng trái phải 3-M-N-1, sinh khối lượng neutrino. | ||
| 650 | |a Hạt (Vật lý hạt nhân),Particles (Nuclear physics) | ||
| 910 | |b nthai | ||
| 980 | |a Trung tâm Học liệu Trường Đại học Cần Thơ | ||